Marktwirtschaft in Polen

Titel: Marktwirtschaft in Polen : Zwei Doppeldezennien / Tadeusz Wludyka
Verfasser:
Ausgabe: 1. Auflage
Veröffentlicht: Baden-Baden : Nomos Verlagsgesellschaft mbH & Co. KG, 2010
Umfang: Online-Ressource, 338 Seiten
Format: E-Book
Sprache: Deutsch
Schriftenreihe/
mehrbändiges Werk:
Rechtstransformation in der Europäischen Union ; 1
Schlagworte:
Andere Ausgaben: Erscheint auch als Druck-Ausgabe
Erscheint auch als Druck-Ausgabe: Wludyka, Tadeusz. Marktwirtschaft in Polen. - Baden-Baden : Nomos, 2010. - 338 S.
ISBN: 9783845225173
Buchumschlag
X
alg: 43329087
001A    $06000:06-07-18 
001B    $01999:08-01-26 $t22:54:59.000 
001D    $06000:06-07-18 
001U    $0utf8 
001X    $00 
002@    $0Oax 
002C    $aText $btxt $2rdacontent 
002D    $aComputermedien $bc $2rdamedia 
002E    $aOnline-Ressource $bcr $2rdacarrier 
003@    $0433290870 
004A    $A978-3-8452-2517-3 
004P    $010.5771/9783845225173 $SV973 
004U    $0urn:nbn:de:101:1-2018060710283860495669 
006G    $01160697310 
006U    $018,O07 $f20180607 
007A    $01160697310 $aDNB 
007I    $0inlibra-10.5771/9783845225173 
009Q    $uhttp://nbn-resolving.de/urn:nbn:de:101:1-2018060710283860495669 $xR 
009Q    $SV973 $uhttps://doi.org/10.5771/9783845225173 $xR 
009Q    $SV973 $uhttps://doi.org/10.5771/9783845225173 $xR 
010@    $ager 
011@    $a2010 $n2010 
017B    $aZDB-1-NOR 
017B    $aZDB-18-NOR 
017B    $aZDB-1-NOL 
017B    $aZDB-18-NOL 
017B    $aZDB-1-NJU 
017B    $aZDB-18-NJR 
021A    $aMarktwirtschaft in Polen $dZwei Doppeldezennien $hTadeusz Wludyka 
028A    $BVerfasser $#Włudyka, Tadeusz Czesław $4aut $D20231015 $Ecgwrk $71027211143 $8Włudyka, Tadeusz$Z1953- [Tp3] $9310649668 
032@    $a1. Auflage 
033A    $pBaden-Baden $nNomos Verlagsgesellschaft mbH & Co. KG 
034D    $aOnline-Ressource, 338 Seiten 
036E    $aRechtstransformation in der Europäischen Union $l1 
037A    $aLizenzpflichtig 
039D    $aErscheint auch als $z9783832954031 $nDruck-Ausgabe 
039D    $aErscheint auch als $tMarktwirtschaft in Polen $dBaden-Baden $eNomos $f2010 $h338 S. $lWludyka, Tadeusz $nDruck-Ausgabe 
044K    $qDNB $RWirtschaftsordnung $#Économie de marché $#market economies $#Marktwirtschaft $#Marktwirtschaft $#Marktwirtschaft $#Freie Marktwirtschaft $#Wettbewerbswirtschaft $#Verkehrswirtschaft Wirtschaftssystem $74037653-9 $8Marktwirtschaft [Ts1] $9085102857 
044K    $qDNB $#Capital market $#Marché financier $#Kreditmarkt $#Finanzmarkt $#Kreditmarkt $#Finanzmarkt $#Finanzmarkt $74073788-3 $8Kreditmarkt [Ts1] $9085207772 
044K    $qDNB $RStruktur $RStrukturberichterstattung $#economic structure $#Wirtschaftsstruktur $#Wirtschaftsstruktur $#Wirtschaftsstruktur $#Wirtschaft Struktur $74129504-3 $8Wirtschaftsstruktur [Ts1] $9085454044 
044K    $qDNB $RWirtschaftssystem $RWirtschaftsplanung $#Central planning $#Planification économique $#Economia pianificata $#centrally planned economies $#Planwirtschaft $#Planwirtschaft $#Planerfüllung $#Staatswirtschaftsplan $#Staatliche Leitung (Volkswirtschaft) $#Planwirtschaft $#Zentrale Planwirtschaft $#Zentralgeleitete Planwirtschaft $#Zentralgeleitete Wirtschaft $#Zentralverwaltungswirtschaft $74046242-0 $8Planwirtschaft [Ts1] $9085129240 
044K    $qDNB $RSystemveränderung $#Systemtransformation $#Systemveränderung $#Systemtransformation $#Transformation Systemtransformation $74060633-8 $8Systemtransformation [Ts1] $9085168378 
044K    $qDNB $RPolitik $#Economic policy $#Politique économique $#Política económica $#economic policies $#Wirtschaftspolitik $#Wirtschaftspolitik $#Volkswirtschaftspolitik $#Allgemeine Wirtschaftspolitik $74066493-4 $8Wirtschaftspolitik [Tsz] $9085186929 
044K    $qDNB $RRecht $#Commercial law $#Droit économique $#Wirtschaftsrecht $#Wirtschaftsrecht $#Wirtschaftsrecht $74066510-0 $8Wirtschaftsrecht [Ts1] $9085186988 
044K    $qDNB $RReformbewegung $RReformer $#Reform $#Reform $#Reform $#Reformen $74115716-3 $8Reform [Ts1] $9085350923 
044K    $qDNB $RPolen-Litauen $RKongresspolen $RWestgalizien $RStaat Krakau $#Generalgouvernement Polen $#Polska $#Rzeczpospolita Polska $#Polska Rzeczpospolita Ludowa $#Poland $#Pologne $#République Polonaise $#Generalne Gubernatorstwo w Polsce $#Polish People's Republic $#Polska Rzeczpospolita Polen $#PRL $#RP $#Polen Generalgouvernement $#Polska Generalgouvernement $#Besetzte Polnische Gebiete $#Besetztes Gebiet in Polen $#Okupowane Polskie Obszary $#Obszary Okupowane w Polsce $#Volksrepublik Polen $#Polska Rosyjska $#Republic Polen $#Respublika Pol'ša $#Pol'skaja Narodnaja Respublika $#République de Pologne $#Polen Links der Weichsel $#Polska po Lewej Stronie Wisły $#Lenkija $#Polija $#Gubernija Carstva Pol'skago $#Republik Polen $emaschinell gebildet $74046496-9 $8Polen [Tg1] $9085129801 $k0,13748 
044K    $qDNB $RDeutsches Sprachgebiet $RDeutschland $RDeutschland $#Deutsche Länder $#Germany Deutschland $#Heiliges Römisches Reich $#Rheinbund $#Deutscher Bund $#Norddeutscher Bund $#Deutsches Reich $#Deutschland Gebiet unter Alliierter Besatzung $#Deutschland Bundesrepublik, 1990- $#BRD 1990- $#Federal Republic of Germany Deutschland $#Republic of Germany Deutschland $#Allemagne Deutschland $#Ǧumhūrīyat Almāniyā al-Ittiḥādīya $#Bundesrepublik Deutschland 1990- $#BRD $#Niemcy $#République Fédérale d'Allemagne Deutschland $#Repubblica Federale di Germania Deutschland $#Germanija $#Federativnaja Respublika Germanija $#FRG $#Deyizhi-Lianbang-Gongheguo $emaschinell gebildet $74011882-4 $8Deutschland [Tg1] $9085025550 $k0,01063 
044K    $qDNB $#Heidelberg $#Hāydalbīrġ $#Stadt Heidelberg $#Mons Myrtorum $#Myrtilletum $#Heydelberg $#Haidelberg $#Heidelberga $#Myrtillorum mons $#UNESCO City of Literature Heidelberg $emaschinell gebildet $74023996-2 $8Heidelberg [Tg1] $9085059501 $k0,01042 
045E    $c330 $c340 
045F    $a330.122094380904 $eDDC22ger 
045F/01 $a330.122 
045F/03 $f0904 
045F/03 $g438 
045R    $aGeschichte 1918-1939 
045R/01 $aGeschichte 1989-2004 

lok: 43329087 20

exp: 43329087 20 1 #EPN
201B/01 $008-01-26 $t22:54:58.983 
201C/01 $008-01-26 
201U/01 $0utf8 
203@/01 $01330830970 
204P/01 $010.5771/9783845225173 $SV973 
208@/01 $a08-01-26 $bl 

lok: 43329087 78

exp: 43329087 78 1 #EPN
201B/01 $024-07-18 $t10:05:01.000 
201C/01 $024-07-18 
201U/01 $0utf8 
203@/01 $01025115228 
208@/01 $a24-07-18 $be 
209A/01 $a/ $f000 $x00 
209A/01 $ab*p $x01 
220C/01 $aeja 
244Z/01 $#Generalgouvernement Polen $#Polska $#Rzeczpospolita Polska $#Polska Rzeczpospolita Ludowa $#Poland $#Pologne $#République Polonaise $#Generalne Gubernatorstwo w Polsce $#Polish People's Republic $#Polska Rzeczpospolita Polen $#PRL $#RP $#Polen Generalgouvernement $#Polska Generalgouvernement $#Besetzte Polnische Gebiete $#Besetztes Gebiet in Polen $#Okupowane Polskie Obszary $#Obszary Okupowane w Polsce $#Volksrepublik Polen $#Polska Rosyjska $#Republic Polen $#Respublika Pol'ša $#Pol'skaja Narodnaja Respublika $#République de Pologne $#Polen Links der Weichsel $#Polska po Lewej Stronie Wisły $#Lenkija $#Polija $#Gubernija Carstva Pol'skago $#Republik Polen $74046496-9 $8--Tg1--Polen $x01 $9085129801 
247C/01 $82080>Marburg/Lahn, Herder-Institut, Forschungsbibliothek, Bibliographieportal $9336309341 

lok: 43329087 205

exp: 43329087 205 1 #EPN
201B/01 $025-08-25 $t16:54:25.000 
201C/01 $003-12-24 
201U/01 $0utf8 
203@/01 $01285388593 
204P/01 $010.5771/9783845225173 $SV973 
208@/01 $a03-12-24 $bl 
209B/01 $aebo $x05 
209B/01 $anol $x06 
237A/01 $aE-Book ggfs. nicht dauerhaft im Bestand. Zugang entfaellt am: 30.11.2026
LEADER 00000cam a22000002c 4500
001 433290870
003 DE-603
005 20260108225459.0
007 cr||||||||||||
008 180706s2010 xx |||| o| u00||u|ger
015 |a 18,O07  |2 dnb 
016 7 |2 DE-101  |a 1160697310 
020 |a 9783845225173 
024 7 |a 10.5771/9783845225173  |2 doi 
024 7 |a urn:nbn:de:101:1-2018060710283860495669  |2 urn 
035 |a (DE-599)DNB1160697310 
040 |a DE-603  |b ger  |c DE-603  |d DE-603 
041 |a ger 
082 0 4 |8 4\u  |a 330.122094380904  |q DE-101  |2 22/ger 
084 |a 330  |a 340  |q DE-101  |2 sdnb 
085 |8 4\u  |b 330.122 
085 |8 4\u  |z 1  |s 0904 
085 |8 4\u  |z 2  |s 438 
100 1 |a Włudyka, Tadeusz  |d 1953-  |e Verfasser  |4 aut  |0 (DE-603)310649668  |0 (DE-588)1027211143  |2 gnd 
245 0 0 |a Marktwirtschaft in Polen  |b Zwei Doppeldezennien  |c Tadeusz Wludyka 
250 |a 1. Auflage 
264 1 |a Baden-Baden  |b Nomos Verlagsgesellschaft mbH & Co. KG  |c 2010 
300 |a Online-Ressource, 338 Seiten 
336 |a Text  |b txt  |2 rdacontent 
337 |a Computermedien  |b c  |2 rdamedia 
338 |a Online-Ressource  |b cr  |2 rdacarrier 
490 0 |a Rechtstransformation in der Europäischen Union  |v 1 
500 |a Lizenzpflichtig 
648 7 |a Geschichte 1918-1939  |2 gnd 
648 7 |a Geschichte 1989-2004  |2 gnd 
650 7 |a Marktwirtschaft  |0 (DE-588)4037653-9  |0 (DE-603)085102857  |2 gnd 
650 7 |a Kreditmarkt  |0 (DE-588)4073788-3  |0 (DE-603)085207772  |2 gnd 
650 7 |a Wirtschaftsstruktur  |0 (DE-588)4129504-3  |0 (DE-603)085454044  |2 gnd 
650 7 |a Planwirtschaft  |0 (DE-588)4046242-0  |0 (DE-603)085129240  |2 gnd 
650 7 |a Systemtransformation  |0 (DE-588)4060633-8  |0 (DE-603)085168378  |2 gnd 
650 7 |a Wirtschaftspolitik  |0 (DE-588)4066493-4  |0 (DE-603)085186929  |2 gnd 
650 7 |a Wirtschaftsrecht  |0 (DE-588)4066510-0  |0 (DE-603)085186988  |2 gnd 
650 7 |a Reform  |0 (DE-588)4115716-3  |0 (DE-603)085350923  |2 gnd 
651 7 |8 1\p  |a Polen  |0 (DE-588)4046496-9  |0 (DE-603)085129801  |2 gnd 
651 7 |8 2\p  |a Deutschland  |0 (DE-588)4011882-4  |0 (DE-603)085025550  |2 gnd 
651 7 |8 3\p  |a Heidelberg  |0 (DE-588)4023996-2  |0 (DE-603)085059501  |2 gnd 
776 0 8 |i Erscheint auch als  |n Druck-Ausgabe  |z 9783832954031 
776 0 8 |i Erscheint auch als  |n Druck-Ausgabe  |a Wludyka, Tadeusz  |t Marktwirtschaft in Polen  |d Baden-Baden : Nomos, 2010  |h 338 S. 
856 |u http://nbn-resolving.de/urn:nbn:de:101:1-2018060710283860495669  |x Resolving-System 
856 |u https://doi.org/10.5771/9783845225173  |x Resolving-System 
856 |u https://doi.org/10.5771/9783845225173  |x Resolving-System 
883 0 |8 1\p  |a maschinell gebildet  |c 0,13748  |q DE-101 
883 0 |8 2\p  |a maschinell gebildet  |c 0,01063  |q DE-101 
883 0 |8 3\p  |a maschinell gebildet  |c 0,01042  |q DE-101 
912 |a ZDB-1-NOR 
924 1 |9 603  |a (DE-603)1330830970  |b DE-603  |c HES  |d d 
924 1 |9 2080  |a (DE-603)1025115228  |b DE-2080  |c HES  |d d  |g / 
924 1 |9 603  |a (DE-603)1285388593  |b DE-603  |c HES  |d d